000
00325nam a22001337a 4500
008
250423b |||||||| |||| 00| 0 eng d
020
_a
1856192419
050
_a
HD1022
_b
.A53
100
_a
AMANOR, Sabastian Kojo
245
_a
The New Frontier
260
_a
London
_b
Z60 Books Ltd.
_c
1994
300
_a
xii, 244p.
942
_c
BK
999
_c
3125
_d
3125